ბათუმის შოთა რუსთაველის სახელმწიფო უნივერსიტეტის ბიბლიოთეკა

იაკობ გოგებაშვილი და აჭარა / (ბიბ.ჩანაწერი № 38008)

000 -ლიდერი
ფიქსირებული სიგრძის საკონტროლო ველი 01311nam a2200289Ia 4500
001 - საკონტროლო ნომერი
საკონტროლო ველი 3992
003 - საკონტროლო ნომრის იდენტიფიკატორი
საკონტროლო ველი GE_BSU
005 - ბოლო ოპერაციის თარიღი და დრო
საკონტროლო ველი 20190829174251.0
008 - ფიქსირებული სიგრძის მონაცემთა ელემენტები - ზოგადი ინფორმაცია
ფიქსირებული სიგრძის საკონტროლო ველი 181216s2000||||ge |||||||||||||| ||geo||
020 ## - წიგნის საერთაშორისო სტანდარტული ნომერი
International Standard Book Number 9992844094
040 ## - კატალოგიზაციის წყარო
Transcribing agency GE_BSU
041 ## - ენის კოდი
Language code of text/sound track or separate title geo
080 ## - უნივერსალური ათობითი კლასიფიკაციის ინდექსი
Universal Decimal Classification number 37.01(479.223)
100 ## - მთავარი ჩანაწერი - პიროვნების სახელი
Personal name გობრონიძე, ალექსანდრე
9 (RLIN) 794
245 ## - ცნობა სათაურის შესახებ
Title იაკობ გოგებაშვილი და აჭარა /
Statement of responsibility, etc რედ. ი. ბიბილეიშვილი.
264 ## - წარმოების, გამოცემის, დისტრიბუციის და სხვა ცნობები
გამოცემის, წარმოების, დისტრიბუციის... ადგილი ბათუმი :
გამოცემის, წარმოების, დისტრიბუციის... სახელწოდება აჭარა,
გამოცემის, წარმოების, დისტრიბუციის... თარიღი 2000.
300 ## - ფიზიკური აღწერა
Extent 294 გვ. ;
Other physical details 20 სმ.
504 ## - BIBLIOGRAPHY, ETC. NOTE
Bibliography, etc ბიბლიოგრ. ტექსტის შენიშვნ.
600 ## - SUBJECT ADDED ENTRY--PERSONAL NAME
Personal name გოგებაშვილი იაკობ
9 (RLIN) 2095
653 ## - INDEX TERM--UNCONTROLLED
Uncontrolled term გოგებაშვილი, იაკობ
653 ## - INDEX TERM--UNCONTROLLED
Uncontrolled term აჭარის გეოგრაფია
653 ## - INDEX TERM--UNCONTROLLED
Uncontrolled term ქართველების ეთნოგრაფია
653 ## - INDEX TERM--UNCONTROLLED
Uncontrolled term აჭარლები
653 ## - INDEX TERM--UNCONTROLLED
Uncontrolled term ქართველთა შორის წერა-კითხვის გამავრცელებელი საზოგადოება
700 ## - ADDED ENTRY--PERSONAL NAME
Personal name ბიბილეიშვილი, ი.
Relator term რედაქტორი
9 (RLIN) 3836
942 ## - ADDED ENTRY ELEMENTS (KOHA)
Koha item type წიგნი
Source of classification or shelving scheme
ეგზემპლარები
ჩამოწერის სტატუსი დაკარგული ეგზემპლარის სტატუსი კლასიფიკაციის წყარო ან თაროზე გაწყობის სქემა დაზიანების სტატუსი არ გაიცემა მუდმივი მდებარეობა (დაცვის ადგილი) ამჟამინდელი ადგილსამყოფელი თაროზე განთავსების ადგილი შეძენის თარიღი ღირებულება, შესყიდვის ნორმალური ფასი სრული შენახვის შიფრი შტრიხკოდი ბოლო ოპერაციის თარიღი ეგზემპლარის მიმდევრობითი ნომერი (კეტერი?) ფასის ძალაში შესვლის თარიღი ეგზემპლარის სახეობა საჯარო შენიშვნა
          ბათუმის შოთა რუსთაველის სახელმწიფო უნივერსიტეტის მთავარი ბიბლიოთეკა ბათუმის შოთა რუსთაველის სახელმწიფო უნივერსიტეტის მთავარი ბიბლიოთეკა წიგნსაცავი 2018-12-17 15.00 37.01(479.223) გ–58 5556 2018-12-17 5556 2018-12-17 წიგნი 15 ლ.